Bosnian: survival vocabulary - Statistics

General Stats
  • This quiz has been taken 66 times
    44 since last reset
  • The average score is 4 of 12
Answer Stats
English Bosnian % Correct
Hi Zdravo / Ćao
95%
Thank you Hvala
48%
How are you? Kako ste ?
43%
Goodbye Doviđenja
40%
Hey Dobar dan
25%
Excusez me Izvinite / Pardon
25%
I come from ... Dolazim iz
23%
I am doing well Dobro sam
20%
I don't speak Bosnian Ja ne govorim bosanski
20%
I speak English Ja govorim engleski
18%
I am a student Ja sam studenti
13%
See you later Do uskoro
3%
No matching quizzes found
Score Distribution
Percent of People with Each Score
Percentile by Number Answered
Your Score History
You have not taken this quiz since the last reset